| 000 | 00567nam a22001937a 4500 | ||
|---|---|---|---|
| 003 | DO-CoUTE | ||
| 005 | 20260427173342.0 | ||
| 008 | 260427b dr ||||| |||| 00| 0 spa d | ||
| 040 |
_aDO-CoUTE _bspa _cDO-CoUTE |
||
| 082 | _a363.44 S474O | ||
| 100 | 1 |
_aSención, Viriato _eAutor |
|
| 245 | 1 | 0 |
_aLos ojos de la montaña / _cViriato Sención |
| 260 |
_aMiami ; _bLIBRUSA ; _c1998 |
||
| 300 |
_a254 Pagina : _c23cm, |
||
| 504 | _aIncluye referencia bibliográfica e índice. | ||
| 650 | 4 | _aNovela | |
| 700 | 1 |
_aViriato Sención _eAutor |
|
| 942 |
_2ddc _cBK |
||
| 999 |
_c24140 _d24140 |
||